| 000 | 01668nam a2200421 i 4500 | ||
|---|---|---|---|
| 001 | 197823 | ||
| 003 | ES-MaACL | ||
| 005 | 20251022131426.0 | ||
| 007 | ta | ||
| 008 | 250918s2025 sp a|||| |||| 001 0 spa d | ||
| 017 |
_aM 11461-2025 _bOficina Depósito Legal Madrid |
||
| 020 | _a979-13-990109-4-7 | ||
| 040 |
_bspa _cES-MaACL _aES-MaACL _erda |
||
| 080 | _a329(460)"19" | ||
| 080 | _a329(430.1)"19" | ||
| 080 | _a327(460:430.1)"19" | ||
| 080 | _a327(430.1:460)"19" | ||
| 100 |
_aMuñoz Sánchez, Antonio, _d1971- _eaut _9242271 |
||
| 245 | 1 | 3 |
_aEl amigo alemán : _bel SPD y el PSOE de la dictadura a la democracia : edición revisada y ampliada / _cAntonio Muñoz Sánchez ; prólogo de Ángel Viñas |
| 250 | _aPrimera edición : septiembre 2025 | ||
| 264 |
_a[Arroyomolinos, Madrid] : _bVilla de Indianos, _c2025 |
||
| 264 | _a©2025 | ||
| 300 |
_a621 páginas, [16] páginas de láminas : _bilustraciones, _c22 cm |
||
| 336 |
_2rdacontent _aTexto |
||
| 337 |
_2rdamedia _asin mediación |
||
| 338 |
_2rdacarrier _avolumen |
||
| 490 | 1 |
_aVilla de Indianos ; _v15 |
|
| 504 | _aBibliografía: páginas 589-615. Índices. Fuentes. | ||
| 610 | 2 | 4 |
_96157 _aPartido Socialista Obrero Español- _vHistoria |
| 610 | 0 | 4 |
_96882 _aSozialdemokratische Partei Deutschlands _vHistoria |
| 651 | 7 |
_9149657 _aEspaña- _xRelaciones- _zAlemania |
|
| 651 | 7 |
_9149658 _aAlemania- _xRelaciones- _zEspaña |
|
| 852 |
_aES-MaAcl _cDEPO1 _jA-15802 _xEncuadernación rústica con solapas _9206801 |
||
| 942 |
_cMONOGRAFIA _n0 |
||
| 999 |
_c197823 _d197823 |
||